01582nam a2200409 i 450000100060000000300080000600500170001400600190003100700150005000800410006502000180010602000270012403500230015103500240017403500250019803500210022304000310024405000230027508000070029808200140030524501070031926400530042630000410047933600310052033700330055133800430058450000220062758801280064959001640077765000210094165000290096265500270099170000560101879700190107485600620109399900170115525425FlNmELB20241216215824.0m o d | cr cnu||||||||141127s2010 mx o 001 0 spa d z9786074012941 a9781413557305 (e-book) a(MiAaPQ)EBC3225694 a(Au-PeEL)EBL3225694 a(CaPaEBR)ebr10957667 a(OCoLC)991928093 aFINmELBbspaerdacFINmELB 4aHF5387b.P962 2010 a170 a174.422303aLa problemática de la ética en los negocios /cClaudia Liliana Padrón Martínez, coordinadora. 1aMéxico D.F. :bMiguel Ángel Porrúa,c2010. a1 recurso en línea (232 páginas) atextobtxt2rdacontent/spa acomputadorabc2rdamedia/spa arecurso en líneabcr2rdacarrier/spa aIncluye índice. aDescripción basada en recurso en línea; Título de la página del título en PDF (e-libro, visto November 27, 2014). aRecurso electrónico. Santa Fe, Arg.: e-libro, 2015. Disponible vía World Wide Web. El acceso puede estar limitado para las bibliotecas afiliadas a e-libro. 0aBusiness ethics. 4aÉtica en los negocios. 4aLibros electrónicos.1 aPadrón Martínez, Claudia Liliana,ecoordinador.2 ae-libro, Corp.40uhttps://elibro.net/ereader/politecnicointernacional/38321 c25425d25425